[Event "IECG CE.2003.0.00046 email"]
[Site "IECG email"]
[Date "2003.01.26"]
[Round "?"]
[White "Hamilton, Richard"]
[Black "Jannink, Robert HH"]
[Result "0-1"]
[WhiteElo "1384"]
[BlackElo "1261"]
[PlyCount "38"]
[EventDate "2003.01.26"]
[EventType "tourn (corr)"]
[EventRounds "6"]
[SourceTitle "Corr 2008"]
[Source "ChessBase"]
[SourceDate "2008.06.24"]
[SourceVersion "1"]
[SourceVersionDate "2008.06.24"]
[SourceQuality "1"]

1. e4 d6 2. d4 g6 3. c4 Bg7 4. Nc3 Nf6 5. Nf3 0-0 6. Be2 c5 7. d5 Nbd7 8. 0-0 b6 9. Bf4 a6 10. Qd2 Qc7 11. Rfe1 Bb7 12. h3 Rfe8 13. Bd1 Ne5 14. Nxe5 dxe5 15. Bg5 Rac8 16. Ba4 Red8 17. Bh6 Rd6 18. Rad1 Bxh6 19. Qxh6 Nh5 0-1